Quizz Pokémon 1G - Statistiques

Statistiques générales
  • Ce quiz a été pris 200 fois
  • Le résultat moyen est 95 sur 151
Statistiques - réponses
Nom % Correct
004 Salamèche
100%
007 Carapuce
98%
001 Bulbizarre
97%
005 Reptincel
97%
009 Tortank
97%
008 Carabaffe
95%
006 Dracaufeu
95%
003 Florizarre
95%
002 Herbizarre
94%
025 Pikachu
92%
151 Mew
88%
010 Chenipan
85%
148 Draco
85%
012 Papilusion
84%
018 Roucarnage
84%
016 Roucool
84%
017 Roucoups
84%
146 Sulfura
84%
013 Aspicot
83%
150 Mewtwo
83%
074 Racaillou
83%
144 Artikodin
82%
026 Raichu
82%
147 Minidraco
80%
014 Coconfort
78%
015 Dardargnan
78%
149 Dracolosse
78%
076 Grolem
78%
095 Onix
78%
019 Rattata
78%
133 Évoli
77%
130 Léviator
77%
011 Chrysacier
76%
075 Gravalanch
76%
129 Magicarpe
76%
020 Rattatac
75%
094 Ectoplasma
73%
023 Abo
72%
134 Aquali
72%
145 Électhor
72%
092 Fantominus
72%
052 Miaouss
72%
063 Abra
71%
065 Alakazam
71%
024 Arbok
71%
067 Machopeur
71%
136 Pyroli
71%
135 Voltali
71%
093 Spectrum
70%
021 Piafabec
69%
034 Nidoking
68%
029 Nidoran♀
68%
032 Nidoran♂
68%
064 Kadabra
67%
066 Machoc
67%
053 Persian
67%
068 Mackogneur
66%
031 Nidoqueen
66%
030 Nidorina
66%
045 Rafflesia
66%
143 Ronflex
66%
059 Arcanin
65%
043 Mystherbe
65%
077 Ponyta
65%
058 Caninos
64%
069 Chétiflor
64%
033 Nidorino
64%
039 Rondoudou
64%
070 Boustiflor
63%
035 Mélofée
63%
041 Nosferapti
62%
022 Rapasdepic
62%
109 Smogo
62%
110 Smogogo
62%
078 Galopa
61%
081 Magnéti
61%
044 Ortide
61%
050 Taupiqueur
61%
100 Voltorbe
61%
101 Électrode
60%
082 Magnéton
60%
036 Mélodelfe
60%
037 Goupix
59%
128 Tauros
59%
027 Sabelette
58%
120 Stari
58%
051 Triopikeur
58%
107 Tygnon
58%
071 Empiflor
57%
089 Grotadmorv
57%
042 Nosferalto
57%
088 Tadmorv
57%
038 Feunard
56%
1301 Lokhlass
56%
054 Psykokwak
56%
121 Staross
56%
040 Grodoudou
55%
113 Leveinard
55%
028 Sablaireau
55%
123 Insécateur
54%
055 Akwakwak
53%
140 Kabuto
53%
115 Kangourex
53%
106 Kicklee
53%
124 Lippoutou
53%
126 Magmar
53%
048 Mimitoss
53%
118 Poissirène
53%
142 Ptéra
53%
087 Lamantine
52%
105 Ossatueur
52%
104 Osselait
52%
111 Rhinocorne
52%
072 Tentacool
52%
073 Tentacruel
52%
049 Aéromite
51%
060 Ptitard
51%
079 Ramoloss
51%
112 Rhinoféros
51%
125 Élektek
50%
056 Férosinge
50%
080 Flagadoss
50%
097 Hypnomade
50%
119 Poissoroy
50%
138 Amonita
49%
083 Canarticho
49%
057 Colossinge
49%
139 Amonistar
48%
141 Kabutops
48%
061 Têtarte
48%
086 Otaria
47%
096 Soporifik
47%
062 Tartard
47%
122 M. Mime
46%
046 Paras
46%
047 Parasect
46%
102 Noeunoeuf
45%
084 Doduo
44%
132 Métamorph
44%
103 Noadkoko
44%
085 Dodrio
42%
127 Scarabrute
42%
137 Porygon
41%
099 Krabboss
40%
098 Krabby
40%
114 Saquedeneu
40%
116 Hypotrempe
39%
117 Hypocéan
37%
091 Crustabri
36%
090 Kokiyas
35%
108 Excelangue
34%
Aucun quiz correspondant
Distribution des résultats
% des personnes avec chaque résultat
Percentile par nombre de réponses
Votre historique - résultats
Vous n’avez pas pris ce quiz